00606 2200229 4500001002100000005001500021035002000036008004100056245007000097100001900167250001000186260003700196300003100233020002200264084001800286082001200304650002000316990001000336990001000346990001000356990001000366INLIS00000000001205020260424105114 a0010-0426000021260424 g 1 ind 1 a24 jam bersama gaspar :bsebuah cerita detektif /cSabda Armandio aSabda Armandio aCet.6 aYogyakarta :bMojok Group,c2019 axiv, 228 hlm ;c13x19,5 cm a978-623-7284-17-8 a808.308 SAB d a808.308 4aCerita Detektif a58275 a58276 a58277 a58278